Kỷ nguyên hỗn loạn : Những cuộc khám phá trong thế giới mới = The age of turbulence
Cuốn sách "kỷ nguyên hỗn loạn" là dự báo có một không hai của Alan Greenspan về bản chất của thế giới mới này, được chắt lọc từ những trải nghiệm của chính ông khi làm việc trên cương vị chỉ huy nền kinh tế toàn cầu, trong thời...
保存先:
| 第一著者: | |
|---|---|
| フォーマット: | 図書 |
| 言語: | Undetermined |
| 出版事項: |
Thành phố Hồ Chí Minh
Trẻ
2008
|
| 主題: | |
| タグ: |
タグ追加
タグなし, このレコードへの初めてのタグを付けませんか!
|
| Thư viện lưu trữ: | Trung tâm Học liệu Trường Đại học Cần Thơ |
|---|
| LEADER | 01705nam a2200229Ia 4500 | ||
|---|---|---|---|
| 001 | CTU_155864 | ||
| 008 | 210402s9999 xx 000 0 und d | ||
| 020 | |c 150000 | ||
| 082 | |a 332.11092 | ||
| 082 | |b G815 | ||
| 100 | |a Greenspan, Alan | ||
| 245 | 0 | |a Kỷ nguyên hỗn loạn : | |
| 245 | 0 | |b Những cuộc khám phá trong thế giới mới = The age of turbulence | |
| 245 | 0 | |c Alan Greenspan | |
| 260 | |a Thành phố Hồ Chí Minh | ||
| 260 | |b Trẻ | ||
| 260 | |c 2008 | ||
| 520 | |a Cuốn sách "kỷ nguyên hỗn loạn" là dự báo có một không hai của Alan Greenspan về bản chất của thế giới mới này, được chắt lọc từ những trải nghiệm của chính ông khi làm việc trên cương vị chỉ huy nền kinh tế toàn cầu, trong thời gian dài, và với ảnh hưởng lớn hơn bất cứ nhân vật còn sống nào. Ông bắt đầu câu chuyện từ buổi sáng 11/9/2011, sau đó hồi tưởng lại thời thơ ấu và đưa người đọc theo hành trình cuộc đời đầy dấu ấn của ông trong 18 năm là chủ tịch Cục Dự Trữ liên bang (1987 - 2006) một giai đoạn diễn ra sự thay đổi mang tính bước ngoặt. | ||
| 650 | |a Nhà kinh tế chính phủ,Chính sách kinh tế,Government economists,Economic policy,Quan hệ kinh tế quốc tế,International economic relations | ||
| 650 | |z Hoa Kỳ,United States | ||
| 904 | |i Duyên (lthieu) | ||
| 980 | |a Trung tâm Học liệu Trường Đại học Cần Thơ | ||